ბათუმის შოთა რუსთაველის სახელმწიფო უნივერსიტეტის ბიბლიოთეკა

სტალინი:ბავშვობა და ყრმობა:ეპოპეა (ბიბ.ჩანაწერი № 42386)

000 -LEADER
fixed length control field 00957nam a2200241Ia 4500
001 - CONTROL NUMBER
control field 9082
003 - CONTROL NUMBER IDENTIFIER
control field GE_BSU
008 - FIXED-LENGTH DATA ELEMENTS--GENERAL INFORMATION
fixed length control field 181216s||||||||xx |||||||||||||| ||und||
040 ## - CATALOGING SOURCE
Transcribing agency GE_BSU
080 ## - UNIVERSAL DECIMAL CLASSIFICATION NUMBER
Universal Decimal Classification number 821-353.1-11
100 ## - MAIN ENTRY--PERSONAL NAME
Personal name ლეონიძე,გიორგი
245 ## - TITLE STATEMENT
Title სტალინი:ბავშვობა და ყრმობა:ეპოპეა
245 ## - TITLE STATEMENT
Remainder of title წიგნი პირველი:ლექსები
245 ## - TITLE STATEMENT
Statement of responsibility, etc. რედ:ილია თავაძე;მხატვ:ლ.გრიგოლია;ლ.ქუთათელაძე
260 ## - PUBLICATION, DISTRIBUTION, ETC.
Place of publication, distribution, etc. თბილისი.
260 ## - PUBLICATION, DISTRIBUTION, ETC.
Name of publisher, distributor, etc. სახელგამი
260 ## - PUBLICATION, DISTRIBUTION, ETC.
Date of publication, distribution, etc. 1939
300 ## - PHYSICAL DESCRIPTION
Extent 164გვ;20სმ.
300 ## - PHYSICAL DESCRIPTION
Other physical details დამტ.თავფურც.რუს.ენაზე
653 ## - INDEX TERM--UNCONTROLLED
Uncontrolled term ლექსები
653 ## - INDEX TERM--UNCONTROLLED
Uncontrolled term სტალინი:ბავშვობა და ყრმობა:ეპოპეა
942 ## - ADDED ENTRY ELEMENTS (KOHA)
Koha item type წიგნი
ეგზემპლარები
Withdrawn status Lost status Damaged status Not for loan Date acquired Barcode Date last seen Price effective from Koha item type
        2018-12-17 31784 2018-12-17 2018-12-17 წიგნი
        2018-12-17 31785 2018-12-17 2018-12-17 წიგნი
        2018-12-17 31786 2018-12-17 2018-12-17 წიგნი
        2018-12-17 31787 2018-12-17 2018-12-17 წიგნი
        2018-12-17 31788 2018-12-17 2018-12-17 წიგნი
        2018-12-17 31789 2018-12-17 2018-12-17 წიგნი
        2018-12-17 32085 2018-12-17 2018-12-17 წიგნი